00225nam a2200085Ia 450000100070000000500170000700800410002424500450006526000290011072524120250826163405.0250824s9999 xx 000 0 und d 0aYASAK DAĞIN İNTİKAMIcELISE BROACH bBEYAZ BALİNA YAYINLARI